Tekken ou Street Fighter - Statistiques

Statistiques générales
  • Ce quiz a été pris 317 fois
  • Le résultat moyen est 24 sur 30
Statistiques - réponses
Hint Réponse % Correct
Ryu Street Fighter
90%
Dhalsim Street Fighter
90%
Zangief Street Fighter
89%
M. Bison Street Fighter
89%
Guile Street Fighter
89%
Ken Masters Street Fighter
89%
Nina Williams Tekken
89%
King Tekken
89%
Yoshimitsu Tekken
89%
Heihachi Mishima Tekken
88%
Jin Kazama Tekken
87%
Chun-Li Street Fighter
85%
Cammy White Street Fighter
82%
Kuma Tekken
79%
Mokujin Tekken
78%
Alissa Bosconovitch Tekken
77%
Miguel Caballero Rojo Tekken
77%
Lei Wulong Tekken
77%
Azucena Tekken
73%
Lucky Chloé Tekken
73%
Rufus Street Fighter
72%
Crimson Viper Street Fighter
71%
JP Street Fighter
71%
Victor Chevalier Tekken
69%
Katarina Alves Tekken
69%
Juri Han Street Fighter
67%
Marisa Street Fighter
67%
Sakura Kasugano Street Fighter
66%
Necro Street Fighter
65%
Ganryu Tekken
65%
Aucun quiz correspondant
Distribution des résultats
% des personnes avec chaque résultat
Percentile par nombre de réponses
Votre historique - résultats
Vous n’avez pas pris ce quiz